00694nam a2200205Ia 4500020002200000082002000022100002800042245008500070260003000155300001500185440005500200504003600255650003400291650003800325650002400363650002700387650003000414700002700444700001700471 a978-0-415-29668-7 a363.44095 SAM-F aSamarasinghe, Vidyamali 0aFemale sex trafficking in Asia: the resilience of patriarchy in a changing world aNew YorkbRoutledgec2008 axviii, 234 aRoutledge international studies of women and place aincludes bibliography and index aHuman traffickingzSouth Asia aHuman traffickingzSoutheast Asia aProstitutionzNepal aProstitutionzCombodia aProstitutionzPhillipines aMomsen, Janet Henshall aMonk, Janice